| 000 | 00810nam a2200217Ia 4500 | ||
|---|---|---|---|
| 005 | 20250108124904.0 | ||
| 008 | 008 250107s9999 xx 000 0 hin d | ||
| 037 | _aTB | ||
| 040 |
_aCRL _bhin _cCRL |
||
| 041 |
_ahin _2hin |
||
| 084 | _aE5 Q5 | ||
| 084 | _qCRL | ||
| 100 | _aनेगी, स्नेह लता, ले. | ||
| 245 | 0 |
_aआदिवासी भाषा, साहित्य और संस्कृति: किन्नौर और लाहौल स्पिति _cनेगी, स्नेह लता, ले. |
|
| 260 |
_aदिल्ली, भारत _bविकल्प प्रकाशन _c2559 |
||
| 300 | _a184पृ0 | ||
| 365 |
_aINR _b225 |
||
| 650 | _aसमाजशास्त्र | ||
| 942 |
_cTB _hE5 Q5 |
||
| 999 |
_c1234947 _d1234947 |
||